000 00693nam a22002417a 4500
005 20220419145633.0
008 220419b ||||| |||| 00| 0 eng d
040 _cAloy
041 _aEng
082 _223
_a306.2
_bRAOB
100 _aKolipaka Sugunakara Rao
_930413
245 _aBharatiyatha a cluster
260 _aHanamkonda
_bKolipaka Sugunakara Rao
_c2009
300 _axii,261 p.
_bPB
_c20x14 cm.
365 _2Sociology
650 _aIndia
_930407
650 _aHindu Dharma
_930408
650 _aProfessionalism
_930409
650 _aJudicial System
_930410
650 _aMarriage and the Family Unit
_930411
700 _aRAO (Kolipaka Sugunakara)
_930412
942 _2ddc
_cGF
999 _c222483
_d222483